000 00692nam a2200205Ii 4500
003 JO-AjNU
008 230605s9999||||xx |||||||||||||| ||und||
040 _aJO-AjNU
_bara
_erda
_cJO-AjNU
041 _aara
050 1 4 _aB780.W5.Y3992.2000
100 3 _aاليازجي،ندرة,
_eauthor
_924481
245 0 0 _aالأعمال الكاملة :وحدة العقل الإنساني، المجلد الرابع
250 _aط1
264 3 1 _aدمشق:دار الغربال ،2000
300 _aمج4، 331ص
336 _atext
_btxt
_2rdacontent
337 _aunmediated
_bn
_2rdamedia
338 _avolume
_bnc
_2rdacarrier
650 4 _aالفلسفة العربية -- قرن 20 
_924482
999 _aA9023
_c12591
_d12591